An introduction to cataloguing practice

Αποθηκεύτηκε σε:
Λεπτομέρειες βιβλιογραφικής εγγραφής
Κύριος συγγραφέας: Krishan, Kumar 1933-
Μορφή: Βιβλίο
Γλώσσα:English
Δημοσίευση: New Delhi : Vikas Publishing House PVT, 1998
Έκδοση:3rd ed., rev.
Θέματα:
Ετικέτες: Προσθήκη ετικέτας
Δεν υπάρχουν, Καταχωρήστε ετικέτα πρώτοι!

MARC

LEADER 00000nam a2200000 i 4500
001 1/89928
008 990915s1998 eng d
020 |a 0-7069-8461-7 
035 |l 10052919 
040 |a GR-MY-UA  |b gre  |e aacr 
041 0 |a eng 
082 0 |a 025.32 
100 1 |a Krishan, Kumar  |d 1933- 
245 1 3 |a An introduction to cataloguing practice /  |c Krishan Kumar 
250 |a 3rd ed., rev.  
260 |a New Delhi :   |b Vikas Publishing House PVT,   |c 1998 
300 |a vi, 298 σ.;  |c 23 ΕΚ. 
650 0 0 |a Anglo-American cataloging rules (North American text) 
650 0 0 |a Descriptive cataloging  |x Rules. 
852 |a INST  |b LESVOS  |e 19990915  |h 025.32 KRI  |p 005100019493  |q 005100019493  |t BK  |y 0 
901 |a BIBL1-1999-3 
909 |a Λ  |b 066071 
922 |a 1ΕΛΗ  |b 199906  |c ΚΠΣ/ΚΥΒ  |d LEADER 
950 |a 023-1998-09-14 
970 |z 1999/09/15  |a ΜΟΥΣΤΑΚΑ  |b ΠΗΝΕΛΟΠΗ